000 00975nas a2200301 4500
001 BR2014001793
003 BR-BrBNA
005 20231205123820.0
007 ta
008 230509b bl.|||p| |||| 00| 00por d
040 _aBR-BrBNA
_bpor
_cBiblioteca Nacional de Agricultura
041 _a(Pt)
072 _aF04; F01
100 1 _aGomes, R.F.
100 1 _aSilva, A.G. da
100 1 _aAssis, R.L. de
100 1 _aPires, F.R.
245 1 _aEfeito de doses e da época de aplicação de nitrogênio nos caracteres agronômicos da cultura do milho sob plantio direto
650 _aMILHO
650 _aPLANTIO DIRETO
650 _aNITROGÊNIO
650 _aADUBAÇÃO
650 _aSEMEADURA
773 0 _tRevista Brasileira de Ciência do Solo (Brazil)
_xISSN 0100-0683
_g(Sep-Oct 2007), v. 31(5) p. 931-938
_wBR2014001793
856 4 0 _uhttp://www.scielo.br/pdf/rbcs/v31n5/a10v31n5.pdf
909 _a202311
_bLúcia
_c55
_dLúcia Elande
942 _2AGRIS
_n0
_cANA
999 _c235847
_d235847